Statystyki dla Sentino - Aporofobia

Kliknij tutaj aby rozwiązać quiz!

Ogólne statystyki

  • Ten quiz został rozwiązany 30 razy
  • Średni wynik to 8 z 13

Statystyki odpowiedzi

NumerTytułGość% Poprawnych
11Powww!Schwesta Ewa
97%
345
83%
1Hurra!!!
79%
8Prada
66%
7PSG
66%
13Wakacje
66%
4Piekło Banús
59%
6Hollow tips
55%
2Jackie Chan
55%
5My best life
55%
12Do Boga
48%
10Lebara SIM
45%
9Żaden
41%

Rozkład punktacji

Percentyl według liczby udzielonych odpowiedzi

Procent ludzi z każdym wynikiem

Twoja historia wyników

Nie rozwiązałeś tego quizu